[Event "Rostock op"]
[Site "Rostock"]
[Date "2008.08.31"]
[Round "7"]
[White "Raitza, Egon"]
[Black "Appel, Gerald"]
[Result "1-0"]
[WhiteElo "1869"]
[BlackElo "1722"]
[PlyCount "85"]
[EventDate "2008.08.28"]
[EventType "swiss"]
[EventRounds "7"]
[EventCountry "GER"]
[SourceTitle "CBM 126 Extra"]
[Source "ChessBase"]
[SourceDate "2008.11.05"]
[SourceVersion "1"]
[SourceVersionDate "2008.11.05"]
[SourceQuality "1"]

1. d4 Nf6 2. Nf3 g6 3. Nbd2 Bg7 4. e4 d6 5. Bd3 0-0 6. 0-0 c5 7. c3 Re8 8. Re1 cxd4 9. cxd4 Nc6 10. Nb3 a6 11. h3 Nd7 12. Be3 b6 13. Qd2 Bb7 14. Rac1 Rc8 15. Rc2 e5 16. Rec1 Nxd4 17. Nbxd4 exd4 18. Rxc8 Bxc8 19. Nxd4 Ne5 20. Qc2 Nxd3 21. Qxd3 Bb7 22. f3 Qd7 23. Bf4 Be5 24. Ne2 Bxb2 25. Rb1 Ba3 26. Nc3 Bc5+ 27. Kh1 Kg7 28. Nd5 Qa4 29. Nxb6 Qxa2 30. Nd5 Bxd5 31. exd5 Qf2 32. Rf1 Re1 33. Qc3+ Bd4 34. Qxe1 Qb2 35. Bxd6 Bc3 36. Qd1 a5 37. f4 a4 38. Be5+ Bxe5 39. fxe5 a3 40. Qa1 Qe2 41. e6+ Kf8 42. Rxf7+ Kg8 43. Qg7# 1-0